| 000 | 00798cam a2200289 4500 | ||
|---|---|---|---|
| 008 | 090401t1992 xxu||||| |||| 00| 0 eng d | ||
| 020 | _a0708311261 | ||
| 035 | _a(Sirsi) u63378 | ||
| 041 | _aeng | ||
| 050 | _a333.76 | ||
| 245 | _aAgriculture, conservation and land use: law and policy issues for rural areas. | ||
| 260 |
_bUniversity of Wales Press _c1992 |
||
| 300 | _axi,218p. ; 24cm. | ||
| 350 | _a35 | ||
| 650 | _aCOMMON LAND | ||
| 650 | _aDIVERSIFICATION | ||
| 650 | _aENVIRONMENTALLY SENSITIVE AREAS | ||
| 650 | _aFARMING | ||
| 650 | _aLESS FAVOURED AREAS | ||
| 650 | _aPLANNING LAW | ||
| 650 | _aPOLLUTION | ||
| 650 | _aSET-ASIDE | ||
| 690 | _aRURAL PRACTICE | ||
| 700 |
_aHowarth, William & Rodgers, Christopher P., _xEditor |
||
| 942 | _n0 | ||
| 948 | _c04/03/1997 | ||
| 999 |
_c94543 _d94543 |
||